Motricidad: aproximación psicofisiológica
Kaydedildi:
| Yazar: | |
|---|---|
| Materyal Türü: | Kitap |
| Dil: | İspanyolca |
| Baskı/Yayın Bilgisi: |
Madrid
Augusto E.Pila Teleña
1979
|
| Konular: | |
| Etiketler: |
Etiketle
Etiket eklenmemiş, İlk siz ekleyin!
|
MARC
| LEADER | 00000nam a2200000 a 4500 | ||
|---|---|---|---|
| 001 | UCY3958 | ||
| 003 | CL-VaPUC | ||
| 008 | 950124e19790000SP |||||||||||||||||spa|d | ||
| 082 | 0 | 4 | |a 155.412 |b RIG |2 21 |
| 100 | 0 | |a Rigal, Robert |e author |9 332386 | |
| 245 | 1 | 0 | |a Motricidad: aproximación psicofisiológica |
| 300 | |a 268 p | ||
| 942 | |c BK | ||
| 945 | |d 19950124 00:00:00 |a rbrito | ||
| 260 | |a Madrid |b Augusto E.Pila Teleña |c 1979 | ||
| 650 | 0 | |a Aptitud motora |9 307353 | |
| 650 | 0 | |a Aprendizaje perceptivo motor |9 308648 | |
| 583 | |a last modification |c 19950124 00:00:00 |k Rodrigo Vera | ||
| 999 | |c 231979 |d 231977 | ||
| 952 | |0 0 |1 0 |4 0 |6 155_412000000000000_RIG_1979 |7 0 |8 R |9 235856 |a BIBEDU |b BIBEDU |c MCIRC |d 2019-11-15 |i 3050416 |o 155.412 RIG 1979 |p 3050416 |r 2023-01-13 |w 2019-11-15 |y BK_R |k EDU | ||
| 952 | |0 0 |1 0 |4 0 |6 155_412000000000000_RIG_1979 |7 0 |8 R |9 235857 |a BIBEDU |b BIBEDU |c MCIRC |d 2019-11-15 |i 3050513 |o 155.412 RIG 1979 |p 3050513 |r 2023-01-13 |w 2019-11-15 |y BK_R |k EDU | ||
| 952 | |0 0 |1 0 |4 0 |6 155_412000000000000_RIG_1979 |7 0 |8 R |9 235858 |a BIBEDU |b BIBEDU |c MCIRC |d 2019-11-15 |i 1545086 |o 155.412 RIG 1979 |p 1545086 |r 2023-01-13 |w 2019-11-15 |y BK_R |k EDU | ||